|
|
|
|
| LEADER |
00000nab a2200000 a 4500 |
| 001 |
vtls000832462 |
| 003 |
SK-MaSNL |
| 005 |
20260303222218.0 |
| 008 |
180206c2002 xo 0 slo |
| 015 |
|
|
|a SNBRB2003/04-11728
|
| 035 |
|
|
|a CLN000184117
|
| 040 |
|
|
|a SNKBUCL
|b slo
|c SNKBUCL
|e AACR2
|
| 041 |
0 |
|
|a slo
|
| 044 |
|
|
|a xo
|c SK
|
| 080 |
|
|
|a 351.777.61(437.6):336
|2 UDC-MRF-SK2
|
| 080 |
|
|
|a 628.4(437.6)
|2 UDC-MRF-SK2
|
| 080 |
|
|
|a 504.064.45(437.6)
|2 UDC-MRF-SK2
|
| 100 |
1 |
|
|a Rabay, Ľubo
|4 ain
|9 9911
|
| 245 |
1 |
0 |
|a Pomoc aj formou výhodných úverov
|c J. Dlhopolček, Ľubo Rabay
|
| 300 |
|
|
|b Fotogr., tab.
|
| 504 |
|
|
|a Res. angl. v summary
|
| 610 |
2 |
7 |
|a Recyklačný fond (Slovensko)
|2 snkbucl
|9 52347
|
| 650 |
0 |
7 |
|a odpadové hospodárstvo
|2 snkbucl
|9 3603
|
| 655 |
|
7 |
|a články z novín a časopisov
|2 snkbucl
|9 267496
|
| 700 |
1 |
|
|a Dlhopolček, Juraj
|4 aut
|4 uin
|9 797931
|
| 773 |
0 |
|
|x 1335-874X
|t XXI. storočie
|g Roč. 5, č. 3 (2002), s. 14-16
|
| 850 |
|
|
|a Slovenská národná knižnica v Martine
|
| 852 |
|
|
|a SNK
|b KIS3GCP
|
| 958 |
|
|
|a RBX
|
| 999 |
|
|
|c 2238863
|d 2240793
|